| 000 | 00506nam a2200169 a 4500 | ||
|---|---|---|---|
| 001 | 5113 | ||
| 003 | CDMR | ||
| 005 | 20130426112028.0 | ||
| 008 | 130130s1973||||||||||||||||||||||||||||d | ||
| 040 |
_aCDMR _bcat _cCDMR |
||
| 245 | 4 |
_aLas responsabilidades de la publicidad _b: 15 conferencias |
|
| 260 |
_aMadrid _c1973 _bInstituto Nacional de Publicidad |
||
| 300 |
_a337 p ; _c24 cm |
||
| 500 | _aInclou retrat dels 15 conferenciants | ||
| 650 | 0 | 4 |
_aPublicitat _9166 _xAspectes ètics i morals |
| 942 |
_cMON _2udc |
||
| 999 |
_c5113 _d5113 |
||